[Event "Sao Paulo ECP op 5th"]
[Site "Sao Paulo"]
[Date "2019.12.01"]
[Round "5"]
[White "Atanes Netto, Severiano"]
[Black "Jafet Junior, Carlos"]
[Result "0-1"]
[WhiteElo "1542"]
[BlackElo "1591"]
[PlyCount "94"]
[EventDate "2019.11.29"]
[EventType "swiss"]
[EventRounds "6"]
[EventCountry "BRA"]
[SourceTitle "CBM 193 Extra"]
[Source "ChessBase"]
[SourceDate "2020.01.31"]
[SourceVersion "1"]
[SourceVersionDate "2020.01.31"]
[SourceQuality "1"]

1. e4 c5 2. Ne2 Nc6 3. Nbc3 g6 4. g3 Bg7 5. Bg2 Nf6 6. d3 0-0 7. 0-0 e6 8. Be3 d6 9. h3 Nd7 10. f4 Nd4 11. g4 a6 12. Ng3 Rb8 13. Rb1 b5 14. Nce2 Bb7 15. c3 Nxe2+ 16. Qxe2 Re8 17. g5 f5 18. h4 fxe4 19. dxe4 Nb6 20. h5 Nc4 21. hxg6 hxg6 22. Bf2 e5 23. Be3 exf4 24. Bxf4 Be5 25. Bxe5 Rxe5 26. Rf6 Rxg5 27. Rbf1 Rxg3 28. Rf8+ Qxf8 29. Rxf8+ Rxf8 30. Kh2 Re3 31. Qg4 Kg7 32. b3 Ne5 33. Qg5 Re2 34. Qe7+ Rf7 35. Qxd6 Ng4+ 36. Kg3 Nf6 37. Qe5 Bxe4 38. Bxe4 Rxe4 39. Qxc5 Nh5+ 40. Kh2 Re2+ 41. Kg1 Ng3 42. Qd4+ Kh6 43. Qh8+ Kg5 44. Qd8+ Kg4 45. Qd4+ Ne4 46. c4 Re1+ 47. Kg2 Rf2+ 0-1

[Event "Sao Paulo Schutt Cup"]
[Site "Sao Paulo"]
[Date "2019.09.15"]
[Round "5"]
[White "Atanes Netto, Severiano"]
[Black "Melo, Sergio Roberto Samp"]
[Result "0-1"]
[WhiteElo "1535"]
[BlackElo "1747"]
[PlyCount "82"]
[EventDate "2019.09.13"]
[EventType "swiss"]
[EventRounds "6"]
[EventCountry "BRA"]
[SourceTitle "EXT 2020"]
[Source "ChessBase"]
[SourceDate "2019.10.17"]
[SourceVersion "1"]
[SourceVersionDate "2019.10.17"]
[SourceQuality "1"]

1. e4 e6 2. d4 d5 3. Nc3 Bb4 4. Bd3 Nc6 5. Nf3 dxe4 6. Bxe4 Bd7 7. 0-0 Nf6 8. Bd3 0-0 9. Bg5 Be7 10. Qe2 Nd5 11. Bxe7 Qxe7 12. Qe4 Nf6 13. Qh4 Nb4 14. Bxh7+ Kh8 15. Bf5+ Kg8 16. Rae1 g6 17. Ne5 Kg7 18. Re3 Rh8 19. Qg3 Nh5 20. Nxg6 Nxg3 21. Nxe7 Nxf1 22. Kxf1 exf5 23. a3 Nxc2 24. Rg3+ Kf8 25. Ned5 c6 26. Nf6 Be6 27. Rg5 Nxd4 28. h3 Ke7 29. Nh5 Rag8 30. Rxg8 Rxg8 31. Nf4 Bc4+ 32. Kg1 Ne6 33. Nh5 b5 34. Ng3 Bd3 35. b4 Nf4 36. Kh2 Kf6 37. Nd1 Ke5 38. Ne3 Nd5 39. Nd1 f4 40. Nh1 Kd4 41. g4 Be2 0-1

[Event "Sao Paulo Schutt Cup"]
[Site "Sao Paulo"]
[Date "2019.09.13"]
[Round "2"]
[White "Atanes Netto, Severiano"]
[Black "Takano Ito, Raphael Kenzo"]
[Result "1-0"]
[WhiteElo "1535"]
[BlackElo "1748"]
[PlyCount "85"]
[EventDate "2019.09.13"]
[EventType "swiss"]
[EventRounds "6"]
[EventCountry "BRA"]
[SourceTitle "EXT 2020"]
[Source "ChessBase"]
[SourceDate "2019.10.17"]
[SourceVersion "1"]
[SourceVersionDate "2019.10.17"]
[SourceQuality "1"]

1. e4 c6 2. d4 d5 3. Nc3 dxe4 4. Nxe4 Nf6 5. Ng3 Qc7 6. Nf3 Bg4 7. Be2 e6 8. h3 Bxf3 9. Bxf3 Bd6 10. Ne2 0-0 11. Be3 Nbd7 12. c3 Nb6 13. Bg5 Be7 14. Bf4 Qd7 15. Qc2 h6 16. 0-0 Bd6 17. Bg3 Bxg3 18. Nxg3 Rad8 19. Rad1 Nc4 20. b3 Nb6 21. Rfe1 Rfe8 22. Ne4 Nxe4 23. Rxe4 f5 24. Re5 Nd5 25. g3 f4 26. c4 Nb4 27. Qd2 fxg3 28. fxg3 Rf8 29. Bg4 Rde8 30. Qxb4 Qf7 31. Qe1 Qf6 32. Rxe6 Rxe6 33. Qxe6+ Qxe6 34. Bxe6+ Kh8 35. Rf1 Re8 36. d5 cxd5 37. cxd5 Re7 38. Rf7 Re8 39. Rxb7 Rc8 40. Bxc8 Kg8 41. d6 Kf8 42. Be6 Ke8 43. Rb8# 1-0

[Event "Sao Paulo STD Gansl op"]
[Site "Sao Paulo"]
[Date "2019.05.26"]
[Round "5"]
[White "Kikuchi Cadilhac, Mariana Sawae"]
[Black "Atanes Netto, Severiano"]
[Result "0-1"]
[WhiteElo "1746"]
[BlackElo "1545"]
[PlyCount "114"]
[EventDate "2019.05.24"]
[EventType "swiss"]
[EventRounds "6"]
[EventCountry "BRA"]
[SourceTitle "CBM 190 Extra"]
[Source "ChessBase"]
[SourceDate "2019.07.15"]
[SourceVersion "1"]
[SourceVersionDate "2019.07.15"]
[SourceQuality "1"]

1. e4 c5 2. Nf3 d6 3. d4 cxd4 4. Nxd4 Nf6 5. Nc3 a6 6. f3 e6 7. Bc4 Be7 8. Be3 0-0 9. 0-0 b5 10. Bb3 Bb7 11. Bxe6 fxe6 12. Nxe6 Qc8 13. Nxf8 Kxf8 14. Qd2 Qc7 15. Rfd1 Nbd7 16. Ne2 Ne5 17. Nd4 Bc8 18. b3 Bd7 19. a4 Qc8 20. axb5 axb5 21. Rxa8 Qxa8 22. Qc3 d5 23. Qc7 Ng6 24. exd5 Qxd5 25. c4 Qe5 26. Qxe5 Nxe5 27. Nxb5 Bf5 28. Nd4 Bg6 29. c5 Ke8 30. b4 Nd5 31. Nc2 Nc3 32. Re1 Bxc2 33. Bd4 Nd3 34. Rxe7+ Kxe7 35. Bxc3 g6 36. Kf1 Kd7 37. Ke2 Nf4+ 38. Kf2 Kc6 39. g3 Nd5 40. Bd2 Kb5 41. g4 Ba4 42. Kg3 Nxb4 43. Bxb4 Kxb4 44. Kh4 h6 45. f4 Kxc5 46. g5 h5 47. f5 Be8 48. fxg6 Bxg6 49. Kg3 Kd5 50. Kf4 Ke6 51. h3 Bf7 52. Ke4 Be8 53. Kf4 Bg6 54. Kg3 Kf5 55. h4 Bf7 56. Kf3 Be6 57. Kg3 Bd5 0-1

[Event "Sao Paulo STD Gansl op"]
[Site "Sao Paulo"]
[Date "2019.05.25"]
[Round "3"]
[White "Ferreira, Wagner Maria Gangin"]
[Black "Atanes Netto, Severiano"]
[Result "0-1"]
[WhiteElo "1206"]
[BlackElo "1545"]
[PlyCount "72"]
[EventDate "2019.05.24"]
[EventType "swiss"]
[EventRounds "6"]
[EventCountry "BRA"]
[SourceTitle "CBM 190 Extra"]
[Source "ChessBase"]
[SourceDate "2019.07.15"]
[SourceVersion "1"]
[SourceVersionDate "2019.07.15"]
[SourceQuality "1"]

1. d4 d5 2. Nf3 Nf6 3. Bf4 e6 4. Nbd2 Bd6 5. Ne5 Nbd7 6. e3 Bxe5 7. dxe5 Ne4 8. Nxe4 dxe4 9. Qg4 g6 10. 0-0-0 0-0 11. Bg5 Qe8 12. Bh6 f5 13. exf6 Rxf6 14. Qxe4 Nb6 15. g4 e5 16. Bc4+ Be6 17. Qxe5 Qf7 18. Bxe6 Rxe6 19. Qg3 Rf6 20. f4 Qxa2 21. Kd2 Qxb2 22. Rc1 Rd6+ 23. Ke2 Rad8 24. f5 Rd2+ 25. Kf3 R8d7 26. fxg6 hxg6 27. Qe1 Nc4 28. Rb1 Qf6+ 29. Kg3 g5 30. Rxb7 Qxh6 31. Rb8+ Kg7 32. Qa1+ Kf7 33. Rf1+ Ke6 34. Qa6+ Nd6 35. Rbf8 Qxh2+ 36. Kf3 Qg2# 0-1

[Event "Pinheiros CC-ch"]
[Site "Pinheiros"]
[Date "2019.04.13"]
[Round "2"]
[White "Von Erlea, Simon PJE"]
[Black "Atanes Netto, Severiano"]
[Result "1/2-1/2"]
[WhiteElo "1541"]
[BlackElo "1545"]
[PlyCount "90"]
[EventDate "2019.04.06"]
[EventType "tourn"]
[EventRounds "11"]
[EventCountry "BRA"]
[SourceTitle "EXT 2020"]
[Source "ChessBase"]
[SourceDate "2019.10.17"]
[SourceVersion "1"]
[SourceVersionDate "2019.10.17"]
[SourceQuality "1"]

1. Nf3 Nf6 2. Nc3 e6 3. d4 d5 4. Bg5 Be7 5. h3 Nbd7 6. e3 0-0 7. Bd3 a6 8. 0-0 c5 9. Bxf6 Bxf6 10. a3 c4 11. Be2 b5 12. e4 Bb7 13. e5 Be7 14. Nh2 f6 15. f4 fxe5 16. fxe5 Qb6 17. Kh1 Rxf1+ 18. Nxf1 Rf8 19. Bf3 Bg5 20. Ne2 Rf7 21. c3 Nf8 22. Bh5 g6 23. Bg4 Qd8 24. Qe1 h5 25. Bf3 Bh4 26. Neg3 Qg5 27. Kh2 Qf4 28. Qe2 Rf5 29. Qf2 Rg5 30. Re1 Bxg3+ 31. Nxg3 h4 32. Qe2 Qxg3+ 33. Kh1 Rf5 34. Rf1 Bc8 35. Bg4 Rxf1+ 36. Qxf1 Nh7 37. Qe2 Ng5 38. Qd2 Ne4 39. Qh6 Nf2+ 40. Kg1 Nxh3+ 41. Bxh3 Qe1+ 42. Kh2 Qe4 43. Qg5 Kh7 44. Qe7+ Kh6 45. Qf8+ Kh7 1/2-1/2

[Event "Paulista-ch"]
[Site "Sao Paulo"]
[Date "2018.11.10"]
[Round "3"]
[White "Atanes Netto, Severiano"]
[Black "Melo, Sergio Roberto Samp"]
[Result "0-1"]
[WhiteElo "1564"]
[BlackElo "1749"]
[PlyCount "110"]
[EventDate "2018.11.09"]
[EventType "swiss"]
[EventRounds "6"]
[EventCountry "BRA"]
[SourceTitle "CBM 187 Extra"]
[Source "ChessBase"]
[SourceDate "2018.11.04"]
[SourceVersion "1"]
[SourceVersionDate "2018.11.04"]
[SourceQuality "1"]

1. e4 e6 2. d4 d5 3. Nc3 Bb4 4. Nge2 dxe4 5. a3 Bxc3+ 6. Nxc3 Nc6 7. Bb5 Bd7 8. 0-0 Nf6 9. Bg5 a6 10. Ba4 h6 11. Bh4 g5 12. Bg3 Ne7 13. Bb3 Bc6 14. Be5 Ng6 15. Bxf6 Qxf6 16. d5 0-0-0 17. Nxe4 Qxb2 18. c4 Qe5 19. Re1 exd5 20. cxd5 Bxd5 21. Bxd5 Qxd5 22. Qc2 Qd3 23. Rac1 Qxc2 24. Rxc2 Rhe8 25. Rce2 Re5 26. g3 Rde8 27. Kf1 f5 28. Nf6 Rxe2 29. Rxe2 Rxe2 30. Kxe2 Ne5 31. Ng8 Nf7 32. Ne7+ Kd7 33. Nxf5 Ke6 34. Nd4+ Kd5 35. Nf5 b5 36. Kd3 c5 37. Ne3+ Ke6 38. Ke4 Nd6+ 39. Kd3 c4+ 40. Ke2 Nf5 41. Nc2 a5 42. g4 Nd6 43. Ke3 Ke5 44. f3 Kd5 45. Nd4 b4 46. axb4 axb4 47. Ne2 Nb5 48. f4 b3 49. Kd2 gxf4 50. Nxf4+ Ke4 51. Ne2 b2 52. Kc2 Nd4+ 53. Nxd4 Kxd4 54. h4 c3 55. g5 Ke5 0-1

[Event "Sao Paulo Karman Cup"]
[Site "Sao Paulo"]
[Date "2018.08.11"]
[Round "3"]
[White "Faris, Rafael de Araujo"]
[Black "Atanes Netto, Severiano"]
[Result "1-0"]
[WhiteElo "1541"]
[BlackElo "1591"]
[PlyCount "59"]
[EventDate "2018.08.10"]
[EventType "swiss"]
[EventRounds "6"]
[EventCountry "BRA"]
[SourceTitle "CBM 186 Extra"]
[Source "ChessBase"]
[SourceDate "2018.08.24"]
[SourceVersion "1"]
[SourceVersionDate "2018.08.24"]
[SourceQuality "1"]

1. e4 c5 2. Nf3 d6 3. c4 Nf6 4. Nc3 Nc6 5. d4 cxd4 6. Nxd4 Nxd4 7. Qxd4 e6 8. Be2 Be7 9. Be3 0-0 10. 0-0 Bd7 11. Rfd1 Bc6 12. b4 b6 13. a4 Qc7 14. Bg5 Rfd8 15. Qe3 Rd7 16. Rac1 Rad8 17. Nd5 Bxd5 18. cxd5 Qb7 19. dxe6 fxe6 20. Bb5 Rc7 21. Bc4 d5 22. exd5 Rd6 23. Bf4 Rxc4 24. Rxc4 Nxd5 25. Qe1 Nxf4 26. Rxf4 Rc6 27. b5 Rc8 28. Qxe6+ Kh8 29. Rf7 Re8 30. Rxe7 1-0

[Event "Sao Paulo ECP Etapa Sigismund Gansl"]
[Site "Sao Paulo"]
[Date "2018.05.20"]
[Round "5.6"]
[White "Atanes Netto, Severiano"]
[Black "Da Rosa, Henrique Jaze Simoe"]
[Result "0-1"]
[WhiteElo "1647"]
[BlackElo "1600"]
[PlyCount "80"]
[EventDate "2018.05.18"]
[EventType "swiss"]
[EventRounds "6"]
[EventCountry "BRA"]
[SourceTitle "EXT 2022"]
[Source "ChessBase"]
[SourceDate "2021.10.06"]
[SourceVersion "1"]
[SourceVersionDate "2021.10.06"]
[SourceQuality "1"]

1. e4 e5 2. Nf3 Nc6 3. Bb5 a6 4. Ba4 Nf6 5. Qe2 b5 6. Bb3 Bc5 7. c3 d6 8. h3 Bd7 9. 0-0 0-0 10. Rd1 Re8 11. d3 h6 12. Be3 Bxe3 13. Qxe3 Na5 14. Bc2 c5 15. Nbd2 Rc8 16. Nf1 Qc7 17. Ng3 Nc6 18. Rac1 Qd8 19. d4 cxd4 20. cxd4 Nb4 21. Bb1 Qa5 22. a3 Nc6 23. dxe5 dxe5 24. Rd6 Qc7 25. Nf5 Bxf5 26. Rdxc6 Qb7 27. Nxe5 Rxe5 28. f4 Rxc6 29. Rxc6 Qxc6 30. fxe5 Nxe4 31. Qf4 g5 32. Qxf5 Qc1+ 33. Kh2 Qxb1 34. e6 fxe6 35. Qxe6+ Kg7 36. Qe7+ Kg6 37. Qe8+ Kf5 38. Qd7+ Kg6 39. Qe8+ Kf5 40. Qd7+ Kf4 0-1

[Event "Sao Paulo ECP Etapa Sigismund Gansl"]
[Site "Sao Paulo"]
[Date "2018.05.19"]
[Round "3.5"]
[White "Atanes Netto, Severiano"]
[Black "Hoshino, Meilin"]
[Result "0-1"]
[WhiteElo "1647"]
[BlackElo "1531"]
[PlyCount "76"]
[EventDate "2018.05.18"]
[EventType "swiss"]
[EventRounds "6"]
[EventCountry "BRA"]
[SourceTitle "EXT 2022"]
[Source "ChessBase"]
[SourceDate "2021.10.06"]
[SourceVersion "1"]
[SourceVersionDate "2021.10.06"]
[SourceQuality "1"]

1. e4 d5 2. exd5 Qxd5 3. Nc3 Qa5 4. Bc4 Nf6 5. d3 c6 6. Nf3 Bg4 7. h3 Bxf3 8. Qxf3 Nbd7 9. 0-0 e6 10. Bd2 Qb6 11. a3 Be7 12. Rae1 Qc7 13. Ne4 Nxe4 14. Rxe4 Nf6 15. Re2 h5 16. Rfe1 0-0-0 17. b4 Rdg8 18. Bg5 h4 19. Qe3 Kb8 20. Bb3 Bd6 21. c4 Rh5 22. c5 Bh2+ 23. Kh1 Nh7 24. f4 Bg3 25. Rf1 Nxg5 26. fxg5 a6 27. Bxe6 fxe6 28. Qxe6 Rc8 29. Rf7 Qd8 30. Rd7 Qf8 31. Rf7 Qd8 32. Rd7 Qxg5 33. Re3 Qf4 34. Qf7 Qxf7 35. Rxf7 Re5 36. Re4 Rxe4 37. dxe4 Re8 38. Rxg7 Rxe4 0-1

[Event "Primeira-ch ECP"]
[Site "Sao Paulo"]
[Date "2018.05.19"]
[Round "6.5"]
[White "Zeituni, Carlos Alberto"]
[Black "Atanes Netto, Severiano"]
[Result "1-0"]
[WhiteElo "1766"]
[BlackElo "1647"]
[PlyCount "65"]
[EventDate "2018.04.07"]
[EventType "tourn"]
[EventRounds "11"]
[EventCountry "BRA"]
[SourceTitle "EXT 2022"]
[Source "ChessBase"]
[SourceDate "2021.10.06"]
[SourceVersion "1"]
[SourceVersionDate "2021.10.06"]
[SourceQuality "1"]

1. e4 c5 2. Nf3 d6 3. Nc3 Nf6 4. Bc4 e6 5. 0-0 Be7 6. e5 dxe5 7. Nxe5 0-0 8. d3 a6 9. a4 Qc7 10. Nf3 Nbd7 11. Bg5 Nb6 12. Bb3 Nbd5 13. Bh4 Bd7 14. Bg3 Bd6 15. Ne4 Bxg3 16. hxg3 b5 17. c4 Nxe4 18. cxd5 Nf6 19. dxe6 Bxe6 20. Bxe6 fxe6 21. axb5 axb5 22. Qb3 Qb6 23. Rxa8 Rxa8 24. Re1 Re8 25. Ng5 c4 26. dxc4 Ng4 27. Qf3 Nf6 28. cxb5 h6 29. Ne4 Rf8 30. Nxf6+ Rxf6 31. Qe2 Kf7 32. Rc1 Rf5 33. Rc6 1-0

[Event "Primeira-ch ECP"]
[Site "Sao Paulo"]
[Date "2018.05.12"]
[Round "5.3"]
[White "Atanes Netto, Severiano"]
[Black "Da Rocha, Luiz C Cosenza Vie"]
[Result "1-0"]
[WhiteElo "1647"]
[BlackElo "1384"]
[PlyCount "55"]
[EventDate "2018.04.07"]
[EventType "tourn"]
[EventRounds "11"]
[EventCountry "BRA"]
[SourceTitle "EXT 2022"]
[Source "ChessBase"]
[SourceDate "2021.10.06"]
[SourceVersion "1"]
[SourceVersionDate "2021.10.06"]
[SourceQuality "1"]

1. e4 c6 2. d4 d5 3. Nc3 dxe4 4. Nxe4 Nd7 5. Nf3 Ngf6 6. Ng3 e6 7. Bc4 Bd6 8. Bg5 h6 9. Bd2 Qc7 10. c3 b6 11. Qe2 Bb7 12. 0-0-0 0-0-0 13. Rhe1 c5 14. Kb1 cxd4 15. cxd4 Kb8 16. Rc1 Bc6 17. Ba6 Ka8 18. Rxc6 Qxc6 19. Rc1 Qd5 20. a3 Bxg3 21. hxg3 Qe4+ 22. Qxe4+ Nxe4 23. Bf4 Ndf6 24. Rc7 Nd6 25. Bxd6 Rxd6 26. Ne5 Rxd4 27. Nc6 Rb8 28. Rxa7# 1-0

[Event "Primeira-ch ECP"]
[Site "Sao Paulo"]
[Date "2018.05.05"]
[Round "4.4"]
[White "Von Erlea, Simon PJE"]
[Black "Atanes Netto, Severiano"]
[Result "1/2-1/2"]
[WhiteElo "1538"]
[BlackElo "1647"]
[PlyCount "81"]
[EventDate "2018.04.07"]
[EventType "tourn"]
[EventRounds "11"]
[EventCountry "BRA"]
[SourceTitle "EXT 2022"]
[Source "ChessBase"]
[SourceDate "2021.10.06"]
[SourceVersion "1"]
[SourceVersionDate "2021.10.06"]
[SourceQuality "1"]

1. Nf3 d5 2. d4 Nf6 3. Nc3 e6 4. Bg5 Be7 5. e3 Nbd7 6. Bd3 a6 7. 0-0 c5 8. dxc5 Nxc5 9. h3 0-0 10. a3 b5 11. Ne5 Bb7 12. Ne2 Nce4 13. Bh4 Qc7 14. Nf3 Rad8 15. Qe1 e5 16. Rd1 h6 17. Nh2 g5 18. Bg3 Nxg3 19. Nxg3 e4 20. Be2 Bd6 21. Ng4 Nxg4 22. Bxg4 Be5 23. c3 Bc8 24. Bxc8 Qxc8 25. f4 exf3 26. Rxf3 f5 27. Qf1 f4 28. exf4 Rxf4 29. Qd3 Qe6 30. Kh1 Rdf8 31. Rdf1 g4 32. hxg4 Rxf3 33. Rxf3 Rf4 34. Rxf4 Bxf4 35. Ne2 Bc7 36. Qd2 Kg7 37. Qd4+ Be5 38. Qe3 Qf6 39. Qf3 Qh4+ 40. Qh3 Qe1+ 41. Ng1 1/2-1/2

[Event "Sao Paulo Salles Cup 12th"]
[Site "Sao Paulo"]
[Date "2018.04.21"]
[Round "4"]
[White "Atanes Netto, Severiano"]
[Black "Zmetek, Marcos Simao"]
[Result "1-0"]
[WhiteElo "1647"]
[BlackElo "1374"]
[PlyCount "75"]
[EventDate "2018.04.20"]
[EventType "swiss"]
[EventRounds "6"]
[EventCountry "BRA"]
[SourceTitle "CBM 184 Extra"]
[Source "ChessBase"]
[SourceDate "2018.06.28"]
[SourceVersion "1"]
[SourceVersionDate "2018.06.28"]
[SourceQuality "1"]

1. e4 e5 2. Nf3 Nc6 3. Bb5 a6 4. Ba4 Nf6 5. Qe2 b5 6. Bb3 d6 7. h3 Na5 8. c3 Nxb3 9. axb3 Be7 10. 0-0 Bb7 11. d3 0-0 12. Bg5 h6 13. Bh4 Re8 14. Nbd2 Nd7 15. Bg3 Nf6 16. Nh2 Qd7 17. f4 Rad8 18. f5 Bf8 19. Bh4 Be7 20. Ndf3 c5 21. Rad1 a5 22. g4 Nh7 23. Bxe7 Qxe7 24. h4 Ra8 25. Ra1 Red8 26. Qe3 Rdc8 27. g5 hxg5 28. hxg5 Rd8 29. Ng4 Bc8 30. Kg2 Bd7 31. Rh1 g6 32. Rxh7 Kxh7 33. Rh1+ Kg8 34. Nf6+ Kg7 35. Rh7+ Kf8 36. Nxd7+ Qxd7 37. Nh4 Ke7 38. f6+ 1-0

[Event "Primeira-ch ECP"]
[Site "Sao Paulo"]
[Date "2018.04.14"]
[Round "2.3"]
[White "Dutra, Liliam Guedes"]
[Black "Atanes Netto, Severiano"]
[Result "0-1"]
[WhiteElo "1575"]
[BlackElo "1647"]
[PlyCount "64"]
[EventDate "2018.04.07"]
[EventType "tourn"]
[EventRounds "11"]
[EventCountry "BRA"]
[SourceTitle "EXT 2022"]
[Source "ChessBase"]
[SourceDate "2021.10.06"]
[SourceVersion "1"]
[SourceVersionDate "2021.10.06"]
[SourceQuality "1"]

1. e4 c5 2. Nf3 d6 3. Nc3 Nf6 4. d4 cxd4 5. Nxd4 a6 6. Bd3 e6 7. 0-0 b5 8. a3 Be7 9. Qe2 0-0 10. f3 Nbd7 11. Nc6 Qb6+ 12. Nd4 e5 13. Nd5 Nxd5 14. exd5 Bf6 15. Be3 exd4 16. Bf2 Nc5 17. Rfe1 Bb7 18. b4 Nxd3 19. Qxd3 Bxd5 20. c3 Rac8 21. Rac1 Bc4 22. Qf5 Be6 23. Qd3 Rc4 24. h4 Rfc8 25. g4 g6 26. Re2 Qc6 27. Rec2 Bd5 28. Kg2 Be6 29. Kg3 dxc3 30. f4 Bd5 31. Re2 c2 32. Rd2 Rc3 0-1

[Event "Sao Paulo Karman Cup 13th"]
[Site "Sao Paulo"]
[Date "2017.11.24"]
[Round "2"]
[White "Kojima, Rodrigo Yosuke"]
[Black "Atanes Netto, Severiano"]
[Result "1-0"]
[WhiteElo "1519"]
[BlackElo "1683"]
[PlyCount "81"]
[EventDate "2017.11.24"]
[EventType "swiss"]
[EventRounds "6"]
[EventCountry "BRA"]
[SourceTitle "CBM 181 Extra"]
[Source "ChessBase"]
[SourceDate "2017.12.12"]
[SourceVersion "1"]
[SourceVersionDate "2017.12.12"]
[SourceQuality "1"]

1. Nf3 Nf6 2. d4 d5 3. Bf4 e6 4. h3 Bd6 5. Bxd6 Qxd6 6. e3 0-0 7. Bd3 Nbd7 8. 0-0 Re8 9. Nbd2 e5 10. Be2 e4 11. Nh2 Nf8 12. c4 c6 13. cxd5 cxd5 14. Ng4 Nxg4 15. Bxg4 f5 16. Be2 Bd7 17. Qb3 Bc6 18. Bb5 Rac8 19. Bxc6 bxc6 20. Qa4 Re7 21. Rac1 Rec7 22. Rc5 Ne6 23. Ra5 c5 24. Qa3 Qb6 25. Ra6 Qb5 26. Rxe6 cxd4 27. exd4 Qe2 28. Nb3 f4 29. Qa4 Kf7 30. Rd6 e3 31. Rd7+ Ke6 32. Rxc7 exf2+ 33. Rxf2 Qe1+ 34. Kh2 Rxc7 35. Qe8+ Re7 36. Nc5+ Kf6 37. Rxf4+ Kg5 38. Rg4+ Kh6 39. Qc6+ g6 40. Qf6 a5 41. Rh4+ 1-0

[Event "Sao Paulo Salles Cup 11th"]
[Site "Sao Paulo"]
[Date "2017.03.26"]
[Round "5"]
[White "Atanes Netto, Severiano"]
[Black "Otto, Triebe"]
[Result "0-1"]
[WhiteElo "1710"]
[BlackElo "1823"]
[PlyCount "84"]
[EventDate "2017.03.24"]
[EventType "swiss (blitz)"]
[EventRounds "6"]
[EventCountry "BRA"]
[SourceTitle "CBM 177 Extra"]
[Source "ChessBase"]
[SourceDate "2017.04.27"]
[SourceVersion "1"]
[SourceVersionDate "2017.04.27"]
[SourceQuality "1"]

1. e4 e6 2. d4 d5 3. Nc3 Nf6 4. Bg5 Be7 5. Bd3 a6 6. Nf3 h6 7. Be3 b6 8. Ne5 c5 9. f3 Bb7 10. 0-0 cxd4 11. Bxd4 dxe4 12. Bxe4 Nxe4 13. fxe4 0-0 14. Qd3 Nc6 15. Rad1 Nxd4 16. Kh1 Nc6 17. Nd7 Qc7 18. Nxf8 Bxf8 19. Qd7 Qxd7 20. Rxd7 Rb8 21. Rdxf7 Ne5 22. R7f2 Bc5 23. Re2 Bc6 24. Rd1 Rf8 25. h3 Nc4 26. b3 Ne3 27. Rde1 Nf1 28. Rxf1 Rxf1+ 29. Kh2 Bd4 30. Na4 b5 31. c3 Be5+ 32. g3 bxa4 33. c4 Bd4 34. Kg2 Rb1 35. Kf3 axb3 36. axb3 Rxb3+ 37. Kf4 e5+ 38. Kg4 Bd7+ 39. Kh4 Kh7 40. c5 g5+ 41. Kh5 Rxg3 42. Rh2 Be8# 0-1

[Event "BRA-ch Amateur U1800"]
[Site "Sao Paulo"]
[Date "2016.05.29"]
[Round "7"]
[White "Da Costa, Carlos Henrique Luz"]
[Black "Atanes Netto, Severiano"]
[Result "1-0"]
[WhiteElo "1662"]
[BlackElo "1694"]
[PlyCount "47"]
[EventDate "2016.05.26"]
[EventType "swiss"]
[EventRounds "7"]
[EventCountry "BRA"]
[SourceTitle "EXT 2019"]
[Source "ChessBase"]
[SourceDate "2018.10.10"]
[SourceVersion "1"]
[SourceVersionDate "2018.10.10"]
[SourceQuality "1"]

1. d4 d5 2. c4 e5 3. dxe5 d4 4. Nf3 Nc6 5. Bg5 Bb4+ 6. Nbd2 f6 7. exf6 Nxf6 8. a3 Be7 9. g3 0-0 10. Bg2 Bf5 11. Nh4 Qd7 12. Nxf5 Qxf5 13. Bf4 Rae8 14. 0-0 Ng4 15. h3 Nge5 16. Nf3 Nxf3+ 17. Bxf3 Qxh3 18. Qd3 Bd6 19. Bg2 Qe6 20. Bd5 Qxd5 21. cxd5 Bxf4 22. dxc6 Bd6 23. cxb7 c5 24. Qa6 1-0

[Event "BRA-ch Amateur U1800"]
[Site "Sao Paulo"]
[Date "2016.05.28"]
[Round "5"]
[White "Dutra, Liliam Guedes"]
[Black "Atanes Netto, Severiano"]
[Result "1/2-1/2"]
[WhiteElo "1586"]
[BlackElo "1694"]
[PlyCount "96"]
[EventDate "2016.05.26"]
[EventType "swiss"]
[EventRounds "7"]
[EventCountry "BRA"]
[SourceTitle "EXT 2019"]
[Source "ChessBase"]
[SourceDate "2018.10.10"]
[SourceVersion "1"]
[SourceVersionDate "2018.10.10"]
[SourceQuality "1"]

1. d4 d5 2. Nf3 Nf6 3. c4 e6 4. Nc3 Be7 5. cxd5 exd5 6. Bg5 Nbd7 7. e3 0-0 8. Bd3 Re8 9. Qc2 c6 10. 0-0 Nf8 11. a3 Ng6 12. Ne2 Bg4 13. Ne5 Bxe2 14. Qxe2 Ne4 15. Bxe7 Qxe7 16. Nxg6 hxg6 17. Rfe1 Qg5 18. Rac1 Rad8 19. b4 a6 20. a4 Nd6 21. b5 axb5 22. axb5 Rc8 23. bxc6 bxc6 24. Rc2 Rc7 25. Rec1 Rec8 26. g3 Qe7 27. Ba6 Rb8 28. Rxc6 Rxc6 29. Rxc6 Qd7 30. Rc5 Ne4 31. Rc1 Ng5 32. f4 Ne4 33. Bd3 Nf6 34. Kg2 Re8 35. h3 Qe6 36. Re1 Nd7 37. Qf3 f5 38. Re2 Kf7 39. g4 Nf6 40. Kg3 fxg4 41. hxg4 Rh8 42. f5 gxf5 43. Bxf5 Qe7 44. Rh2 Re8 45. Kf2 g6 46. g5 gxf5 47. gxf6 Kxf6 48. Rh5 Qe4 1/2-1/2

[Event "Sao Paulo ECP A"]
[Site "Sao Paulo"]
[Date "2016.05.21"]
[Round "9.6"]
[White "Atanes Netto, Severiano"]
[Black "Zeituni, Carlos Alberto"]
[Result "1-0"]
[WhiteElo "1694"]
[BlackElo "1829"]
[PlyCount "83"]
[EventDate "2016.03.12"]
[EventType "tourn"]
[EventRounds "11"]
[EventCountry "BRA"]
[SourceTitle "EXT 2022"]
[Source "ChessBase"]
[SourceDate "2021.10.06"]
[SourceVersion "1"]
[SourceVersionDate "2021.10.06"]
[SourceQuality "1"]

1. e4 e5 2. Nf3 Nf6 3. Nc3 Nc6 4. Bb5 d6 5. d3 Bd7 6. Bg5 Be7 7. 0-0 0-0 8. a3 h6 9. Bh4 a6 10. Bc4 Bg4 11. h3 Bh5 12. Bxf6 Bxf6 13. Nd5 Nd4 14. g4 Bg6 15. c3 Ne6 16. Nxf6+ Qxf6 17. Bxe6 fxe6 18. Kg2 d5 19. Qe2 Rf7 20. exd5 exd5 21. Nxe5 Re8 22. f4 Qd6 23. Rf3 d4 24. Qf2 Rxe5 25. fxe5 Qd5 26. c4 Qc6 27. Kg3 Rxf3+ 28. Qxf3 Qxf3+ 29. Kxf3 Bxd3 30. Rd1 Bxc4 31. Rxd4 Be6 32. h4 Kf7 33. Kf4 b6 34. Rd8 Ke7 35. Rh8 g5+ 36. hxg5 hxg5+ 37. Kxg5 Bd5 38. Rh7+ Ke6 39. Kf4 c5 40. g5 c4 41. g6 a5 42. Rc7 1-0